header

Civil rights in wartime (Record no. 28911)

MARC details
000 -LEADER
fixed length control field 01549nam a2200373Ia 4500
082 04 - DEWEY DECIMAL CLASSIFICATION NUMBER
Classification number 342.7308/73
100 1# - MAIN ENTRY--AUTHOR NAME
Personal name Sidhu, Dawinder S.
245 10 - TITLE STATEMENT
Title Civil rights in wartime
260 ## - PUBLICATION, DISTRIBUTION, ETC. (IMPRINT)
Place of publication Farnham, Surrey [UK] ;
-- Burlington, VT :
Name of publisher Ashgate,
Year of publication c2009.
300 ## - PHYSICAL DESCRIPTION
Number of Pages xvii, 214 p.
500 ## - GENERAL NOTE
General note Includes index.
650 #0 - SUBJECT ADDED ENTRY--TOPICAL TERM
Topical Term Sikhs
Topical Term Discrimination
Topical Term Minorities
Topical Term Terrorism
Topical Term September 11 Terrorist Attacks, 2001.
Topical Term Terrorism
700 1# - ADDED ENTRY--PERSONAL NAME
Personal name Gohil, Neha Singh.
856 40 - ELECTRONIC LOCATION AND ACCESS
Uniform Resource Identifier http://site.ebrary.com/lib/rucke/Doc?id=10350097

No items available.

© 2026 Rongo University
Contact us: librarian | system librarian | Rongo university